Quiz 20 ème siècle - Statistiques

Statistiques générales
  • Ce quiz a été pris 216 fois
  • Le résultat moyen est 8 sur 15
Statistiques - réponses
Question Réponse % Correct
l'Algérie obtient l'indépendance en 1962
85%
Le Titanic coule en 1912
81%
Le Front Populaire gagne les élections en France en 1936
81%
La 5 ème République est fondée en 1958
78%
John F. Kennedy est assassiné en 1963
64%
La Bataille de Verdun a lieu en 1916
62%
La crise des missiles de Cuba est en 1962
59%
Le mur de Berlin est construit en 1961
55%
La Guerre de Corée prend fin en 1953
54%
Mussolini prend le pouvoir en Italie en 1922
48%
La guerre du Vietnam prend fin en 1975
42%
Gandhi meurt en 1948
41%
Le "grand bond en avant" Chinois est une procédure lancée en 1958
26%
L'Inde obtient l'indépendance en 1950
20%
Gorbatchev prend la tête de l'URSS en 1990
7%
Aucun quiz correspondant
Distribution des résultats
% des personnes avec chaque résultat
Percentile par nombre de réponses
Votre historique - résultats
Vous n’avez pas pris ce quiz